000 01075 a2200277 4500
001 3750
005 20260407155430.0
008 260407a2004 arg spa d
003 AR-UNSa-BCEJYS
040 _aAR-UNSa-BCEJYS
_bspa
_cAR-UNSa-BCEJYS
080 _a330.101.541
_xMacroeconomía
245 1 0 _aMacroeconomía
020 _a84-481-4181-4
250 _a9a. ed.
264 1 _aMadrid :
_bMcGraw-Hill
_c2004
300 _axx, 678 p.
_c24 cm.
505 _a1. Introducción y contabilidad nacional - 2. El crecimiento, la oferta y la demanda agregadas y la política macroeconómica - 3. Primeros modelos - 4. Los fundamentos de la conducta - 5. Grandes acontecimientos, ajustes internacionales y temas avanzados
942 _cBK
590 _aniveau_biblio:m niveau_hierar:0
100 1 _aDornbusch, Rudiger
700 1 _aFischer, Stanley
700 1 _aRabasco, María Esther
700 1 _aStartz, Richard
700 1 _aToharia Cortés, Luis
856 4 1 _uhttps://biblioeco.unsa.edu.ar/pmb/images/libros/Macroenconomia2-l87863.jpg
_yImagen de portada
_qimage/jpeg
999 _c347
_d347